000 00382nam a2200157Ia 4500
003 0STCL
008 150530s9999 xx 000 0 und d
040 _aSTCL
_cSTCL
100 _aMatthiessen, F.O.; Ed
245 _aResponsibilities of the critic
260 _bOxford University press
_c1952
546 _aEnglish
942 _2ddc
_cBK
999 _c50711
_d50711
005 20220125170828.0